000 00415nam a2200181Ia 4500
001 3829
005 20260306145712.0
008 260306t2002||||xx |||||||||||||| ||spa||
041 _aESP
082 _a303.49
_bP21
100 _aPalomino, Teodosio A.
_eAUT
245 0 _aHuellas del futuro
260 _c2002
300 _a246 páginas :
_c21 cm.
650 _aGEN
654 _aCHU
942 _cLIB
_dJUS
_fJUS
_2ddc
_n
999 _c3829
_d3829